000 00491nam a22001817a 4500
999 _c25124
_d25124
003 OSt
005 20210609103329.0
008 170317b xxu||||| |||| 00| 0 eng d
020 _a9780394221793
040 _aMMU
_beng.
_cMMU
_dMMU
050 _aPR6052 .A66 1990
100 _aBarnes Julian.
245 _aA history of the world in 10 1/2 chapters/
_cJulian Barnes.
260 _aLondon:
_bVintage Canada,
_c1990,
300 _a307p.;
650 _aWorld History.
942 _2lcc
_cLOAN LOAN